| 000 | 00577nam a22001937a 4500 | ||
|---|---|---|---|
| 003 | OSt | ||
| 008 | 240709b1999 |||||||| |||| 00| 0 eng d | ||
| 020 | _a0761993045 | ||
| 082 |
_a158.7 _bWAK-M |
||
| 100 | _aWakhlu, Arun | ||
| 245 |
_aManaging from the heart : _bunfolding spirit in people and organizations / _cArun Wakhlu. |
||
| 260 |
_aNew Delhi : _bResponse Books, _c1999. |
||
| 300 | _a239 p. ; | ||
| 650 | _aOrganizational behavior | ||
| 650 | _aPsychology, industrial. | ||
| 650 | _aWork -Psychological aspects. | ||
| 650 | _aQuality of work life. | ||
| 942 |
_2ddc _cBK |
||
| 999 |
_c20614 _d20614 |
||